000 00591nam a2200205Ia 4500
008 241004s9999 xx 000 0 und d
020 _a9789389386066
037 _aTextbook
040 _aARTS
_beng
_cARTS
041 _aeng
_2eng
084 _aQ441:2 R2
_qARTS
100 _aHuong Bhikkhuni Gioi Au.
_9724592
245 _aRebirth views in the surangama sutra
_cHuong Bhikkhuni Gioi Au.
260 _aIndia
_bDelhi Eastern Book Linkers
_c2022
300 _a438p.
365 _aINR
_b1250
650 _aBuddhism
942 _cTB
_hQ441:2 R2
999 _c1218725
_d1218725